Classical electromagnetic radiation / (Record no. 21093)

MARC details
000 -LEADER
fixed length control field 01472cam a22003375i 4500
001 - CONTROL NUMBER
control field 17430895
003 - CONTROL NUMBER IDENTIFIER
control field EG-ScBUE
005 - DATE AND TIME OF LATEST TRANSACTION
control field 20250617110032.0
008 - FIXED-LENGTH DATA ELEMENTS--GENERAL INFORMATION
fixed length control field 120815t2012 nyua f b 001 0 eng d
020 ## - INTERNATIONAL STANDARD BOOK NUMBER
International Standard Book Number 9780486490601
020 ## - INTERNATIONAL STANDARD BOOK NUMBER
International Standard Book Number 0486490602
040 ## - CATALOGING SOURCE
Original cataloging agency DLC
Language of cataloging eng
Description conventions rda
Transcribing agency DLC
Modifying agency DLC
-- EG-ScBUE
082 04 - DEWEY DECIMAL CLASSIFICATION NUMBER
Classification number 539.2
Edition number 22
Item number HEA
100 1# - MAIN ENTRY--PERSONAL NAME
Personal name Heald, Mark A.,
Relator term author.
9 (RLIN) 38805
245 10 - TITLE STATEMENT
Title Classical electromagnetic radiation /
Statement of responsibility, etc Mark A. Heald, Jerry B. Marion.
250 ## - EDITION STATEMENT
Edition statement Third edition.
264 #1 - PUBLICATION, DISTRIBUTION, ETC. (IMPRINT)
Place of publication, distribution, etc Mineola, New York :
Name of publisher, distributor, etc Dover Publications, Inc.,
Date of publication, distribution, etc [2012]
264 #4 - PUBLICATION, DISTRIBUTION, ETC. (IMPRINT)
Date of publication, distribution, etc c2012
300 ## - PHYSICAL DESCRIPTION
Extent xiv, 572 pages :
Other physical details illustrations ;
Dimensions 24 cm
336 ## - CONTENT TYPE
Source rdacontent
Content type term text
Content type code txt
337 ## - MEDIA TYPE
Media type term unmediated
Source rdamedia
Media type code n
338 ## - CARRIER TYPE
Carrier type term volume
Carrier type code nc
Source rdacarrier
504 ## - BIBLIOGRAPHY, ETC. NOTE
Bibliography, etc Includes bibliographical references and index.<br/>
520 ## - SUMMARY, ETC.
Summary, etc "Newly corrected, this highly acclaimed text is suitable for advanced physics courses. The author presents a very accessible macroscopic view of classical electromagnetics that emphasizes integrating electromagnetic theory with physical optics. The survey follows the historical development of physics, culminating in the use of four-vector relativity to fully integrate electricity with magnetism"--
650 #7 - SUBJECT ADDED ENTRY--TOPICAL TERM
Topical term or geographic name as entry element Electromagnetic waves.
Source of heading or term BUEsh
9 (RLIN) 37008
650 #7 - SUBJECT ADDED ENTRY--TOPICAL TERM
Topical term or geographic name as entry element Electrodynamics.
Source of heading or term BUEsh
9 (RLIN) 9061
653 ## - INDEX TERM--UNCONTROLLED
Resource For college Engineering, General
Arrived date list November2015
655 ## - INDEX TERM--GENRE/FORM
Form subdivision Reading book
9 (RLIN) 34232
700 1# - ADDED ENTRY--PERSONAL NAME
Personal name Marion, Jerry B.,
Relator term author.
942 ## - ADDED ENTRY ELEMENTS (KOHA)
Source of classification or shelving scheme Dewey Decimal Classification
Koha item type Book - Borrowing
Holdings
Withdrawn status Lost status Source of classification or shelving scheme Damaged status Not for loan Collection code Home library Current library Shelving location Date acquired Source of acquisition Total Checkouts Full call number Barcode Date last seen Price effective from Koha item type
    Dewey Decimal Classification     Baccah Central Library Central Library First floor 29/11/2015 Purchase   539.2 HEA 000031461 15/07/2025 29/11/2015 Book - Borrowing